000 00431nam a2200169Ia 4500
008 220216s9999 xx 000 0 und d
100 _aViswanathan P K
245 0 _aMore women need to enter plantation jobs
260 _bRubber Asia
_c2015
300 _a68-71
650 _aLatex collection
650 _aRubber plantation jobs
650 _aSheet making
650 _aSkill development
650 _aTapping
942 _cBS
999 _c49732
_d49732